000 00623nam a2200193Ia 4500
008 151121s9999||||xx |||||||||||||| ||und||
082 _a140/देशपां
082 _bHNW-114354
100 _aदेशपांडे दि। य।
245 _aविवेकवाद
260 _b"ग्रंथाली प्रकाशन, मुंबई।"
260 _c2009
300 _a125
600 _aदेशपांडे दि। य।
630 _aविवेकवाद
700 _aदेशपांडे दि। य।
730 _aविवेकवाद
942 _cBOOK
999 _c1263352
_d1263349